[Event "London Chess Classic: Blitz D"]
[Site "London"]
[Date "2019.12.08"]
[Round "10"]
[White "Ratnesan, Rajeiv"]
[Black "Dunn, Maxim"]
[Result "1/2-1/2"]
[WhiteElo "1652"]
[BlackElo "1756"]
[PlyCount "66"]
[EventDate "2019.12.08"]
[EventType "swiss (blitz)"]
[EventRounds "11"]
[EventCountry "ENG"]
[SourceTitle "EXT 2021"]
[Source "ChessBase"]
[SourceDate "2020.10.23"]
[SourceVersion "1"]
[SourceVersionDate "2020.10.23"]
[SourceQuality "1"]

1. Nf3 Nf6 2. g3 g6 3. Bg2 Bg7 4. 0-0 0-0 5. c4 d5 6. cxd5 Nxd5 7. Nc3 Nxc3 8. dxc3 c6 9. Be3 Qc7 10. Qc2 Bf5 11. Qb3 Nd7 12. Nd4 Nc5 13. Qa3 Bxd4 14. Bxd4 Ne6 15. Be3 Ng7 16. Rfd1 Rfd8 17. Bc5 e6 18. Bd6 Qb6 19. Be7 Re8 20. h3 e5 21. Rd2 Be6 22. Rad1 h5 23. Bf6 Kh7 24. Bxe5 Bxh3 25. Bxg7 Bxg2 26. Kxg2 Kxg7 27. Qd6 Re6 28. Qf4 Rf6 29. Qd4 Qxd4 30. Rxd4 Re6 31. e3 Rae8 32. Rd7 R8e7 33. Rxe7 Rxe7 1/2-1/2

[Event "London Classic U1825 op 10th"]
[Site "London"]
[Date "2018.12.15"]
[Round "2"]
[White "Ter Hark, Alex"]
[Black "Ratnesan, Rajeiv"]
[Result "0-1"]
[WhiteElo "1742"]
[BlackElo "1652"]
[PlyCount "44"]
[EventDate "2018.12.14"]
[EventType "swiss"]
[EventRounds "5"]
[EventCountry "ENG"]
[SourceTitle "CBM 187 Extra"]
[Source "ChessBase"]
[SourceDate "2018.11.04"]
[SourceVersion "1"]
[SourceVersionDate "2018.11.04"]
[SourceQuality "1"]

1. Nf3 f5 2. c4 Nf6 3. Nc3 g6 4. g3 Bg7 5. Bg2 d6 6. d4 0-0 7. 0-0 c6 8. b4 e5 9. dxe5 dxe5 10. Qc2 Qc7 11. Bb2 f4 12. Rad1 Bf5 13. Qb3 Kh8 14. Rd2 Na6 15. Rfd1 Rae8 16. Ng5 e4 17. Nh3 e3 18. fxe3 fxg3 19. e4 Bxh3 20. Bxh3 Qf4 21. hxg3 Qxg3+ 22. Bg2 Ng4 0-1

[Event "BCF-ch U14"]
[Site "Hull"]
[Date "2018.08.02"]
[Round "5"]
[White "Ratnesan, Rajeiv"]
[Black "Shchepinova, Polina"]
[Result "1/2-1/2"]
[WhiteElo "1648"]
[BlackElo "1496"]
[PlyCount "44"]
[EventDate "2018.07.29"]
[EventType "swiss"]
[EventRounds "7"]
[EventCountry "ENG"]
[SourceTitle "CBM 186 Extra"]
[Source "ChessBase"]
[SourceDate "2018.08.24"]
[SourceVersion "1"]
[SourceVersionDate "2018.08.24"]
[SourceQuality "1"]

1. Nf3 Nf6 2. g3 g6 3. Bg2 Bg7 4. 0-0 0-0 5. c4 d5 6. cxd5 Nxd5 7. d3 Nc6 8. a3 e5 9. Qc2 Bg4 10. e3 Qd7 11. Nc3 Nxc3 12. bxc3 Bf5 13. e4 Bg4 14. Ne1 Rad8 15. Be3 b6 16. f3 Be6 17. f4 f5 18. Rd1 Na5 19. Rb1 Qd6 20. Qa4 Bd7 21. Qb4 c5 22. Qb2 Bc8 1/2-1/2

[Event "Gibraltar U16 op"]
[Site "Caleta"]
[Date "2017.08.19"]
[Round "3"]
[White "Smith, Callum"]
[Black "Ratnesan, Rajeiv"]
[Result "1-0"]
[WhiteElo "1908"]
[BlackElo "1537"]
[PlyCount "87"]
[EventDate "2017.08.18"]
[EventType "swiss"]
[EventRounds "6"]
[EventCountry "GGB"]
[SourceTitle "CBM 180 Extra"]
[Source "ChessBase"]
[SourceDate "2017.10.06"]
[SourceVersion "1"]
[SourceVersionDate "2017.10.06"]
[SourceQuality "1"]

1. e4 c6 2. d4 d5 3. Nc3 dxe4 4. Nxe4 Bf5 5. Ng3 Bg6 6. Nf3 e6 7. Ne5 Nd7 8. Nxg6 hxg6 9. Bd3 Ngf6 10. 0-0 Bd6 11. h3 Qc7 12. Qf3 0-0-0 13. Ne2 e5 14. Qe3 Nd5 15. Qd2 Nf4 16. Nxf4 exf4 17. f3 Nf6 18. b4 Qb6 19. c3 Bxb4 20. Rb1 Bxc3 21. Qxc3 Qxd4+ 22. Qxd4 Rxd4 23. Bc2 Re8 24. Bb3 Nd5 25. Bb2 Rd2 26. Rf2 Rxf2 27. Kxf2 f6 28. Bxd5 cxd5 29. Re1 Rxe1 30. Kxe1 Kd7 31. Kd2 Kc6 32. Kd3 Kd6 33. Kd4 b6 34. Ba3+ Ke6 35. Bf8 g5 36. Bxg7 Kf7 37. Bh6 Ke6 38. h4 gxh4 39. Bxf4 a6 40. Bc7 b5 41. Kc5 Kd7 42. Bb8 Kc8 43. Bf4 Kd7 44. Kxd5 1-0

[Event "BCF-ch U14"]
[Site "Llandudno"]
[Date "2017.08.05"]
[Round "7"]
[White "Ratnesan, Rajeiv"]
[Black "Modhura, Urbi"]
[Result "1-0"]
[WhiteElo "1537"]
[BlackElo "1352"]
[PlyCount "149"]
[EventDate "2017.07.30"]
[EventType "swiss"]
[EventRounds "7"]
[EventCountry "WLS"]
[SourceTitle "CBM 179 Extra"]
[Source "ChessBase"]
[SourceDate "2017.08.23"]
[SourceVersion "1"]
[SourceVersionDate "2017.08.23"]
[SourceQuality "1"]

1. e4 e5 2. Nf3 Nc6 3. Bc4 Nf6 4. d3 d5 5. exd5 Nxd5 6. c3 Be7 7. Qb3 Be6 8. Qxb7 Na5 9. Bb5+ c6 10. Bxc6+ Nxc6 11. Qxc6+ Kf8 12. Nxe5 Bf6 13. Nc4 Kg8 14. 0-0 h6 15. Nbd2 Nf4 16. Qd6 Qxd6 17. Nxd6 Nxd3 18. N2e4 Be7 19. Rd1 Nxc1 20. Raxc1 f5 21. Nc5 Bxd6 22. Nxe6 Re8 23. Nd4 f4 24. Re1 Kh7 25. Rxe8 Rxe8 26. Kf1 Rb8 27. b3 Ba3 28. Rb1 a6 29. b4 a5 30. Nc2 axb4 31. Nxa3 Ra8 32. Nc2 bxc3 33. a3 Rd8 34. Ke1 Re8+ 35. Kf1 Rd8 36. Nb4 Ra8 37. Ra1 Kg6 38. Ke2 Rd8 39. Rc1 Rd2+ 40. Kf3 Kg5 41. Rxc3 Rd8 42. a4 Ra8 43. Ra3 Kf5 44. a5 g5 45. Nd5 g4+ 46. Ke2 Re8+ 47. Kf1 Ra8 48. Nc7 Rc8 49. a6 Rxc7 50. a7 f3 51. gxf3 Rc8 52. a8Q Rxa8 53. Rxa8 gxf3 54. Ra4 h5 55. Ke1 Kg5 56. Kd2 h4 57. Ke3 h3 58. Kxf3 Kf5 59. Ra5+ Kf6 60. Ra6+ Ke7 61. Ke3 Kd7 62. Rh6 Kc7 63. Kd4 Kb7 64. Kc5 Ka7 65. Kb5 Kb7 66. Rh7+ Kc8 67. Kb6 Kd8 68. Ra7 Kc8 69. Kc6 Kd8 70. f4 Ke8 71. Kd6 Kf8 72. Ke6 Kg8 73. Kf6 Kh8 74. Kg6 Kg8 75. Ra8# 1-0

[Event "BCF-ch U14"]
[Site "Llandudno"]
[Date "2017.07.31"]
[Round "2"]
[White "Ratnesan, Rajeiv"]
[Black "Gurner, Jem"]
[Result "0-1"]
[WhiteElo "1537"]
[BlackElo "1660"]
[PlyCount "54"]
[EventDate "2017.07.30"]
[EventType "swiss"]
[EventRounds "7"]
[EventCountry "WLS"]
[SourceTitle "CBM 179 Extra"]
[Source "ChessBase"]
[SourceDate "2017.08.23"]
[SourceVersion "1"]
[SourceVersionDate "2017.08.23"]
[SourceQuality "1"]

1. e4 e6 2. d4 d5 3. exd5 exd5 4. Nf3 Bd6 5. Bd3 Nf6 6. 0-0 0-0 7. h3 c6 8. Re1 Nbd7 9. Nbd2 Qb6 10. Nf1 h6 11. c3 c5 12. Ng3 cxd4 13. cxd4 Nb8 14. Ne5 Nc6 15. Nxc6 bxc6 16. Nf5 Bxf5 17. Bxf5 Rfe8 18. Rxe8+ Rxe8 19. b3 Qxd4 20. Be3 Qe5 21. Bg4 Nxg4 22. hxg4 Qh2+ 23. Kf1 Qh1+ 24. Ke2 Qxg2 25. Kd2 Bb4+ 26. Kc1 Rxe3 27. fxe3 Ba3+ 0-1

[Event "BCF-ch U14"]
[Site "Llandudno"]
[Date "2017.07.30"]
[Round "1"]
[White "Audhora, Purba"]
[Black "Ratnesan, Rajeiv"]
[Result "0-1"]
[WhiteElo "1247"]
[BlackElo "1537"]
[PlyCount "148"]
[EventDate "2017.07.30"]
[EventType "swiss"]
[EventRounds "7"]
[EventCountry "WLS"]
[SourceTitle "CBM 179 Extra"]
[Source "ChessBase"]
[SourceDate "2017.08.23"]
[SourceVersion "1"]
[SourceVersionDate "2017.08.23"]
[SourceQuality "1"]

1. e4 c6 2. d4 d5 3. Nc3 dxe4 4. Nxe4 Bf5 5. Nc3 e6 6. Nf3 Nf6 7. Bg5 Be7 8. Be2 h6 9. Be3 Nbd7 10. 0-0 Qc7 11. Qd2 Bd6 12. g3 0-0-0 13. Rad1 Rdg8 14. Rfe1 g5 15. Ne5 Bxe5 16. dxe5 Nxe5 17. Bd4 Rd8 18. Qe3 Ned7 19. Rd2 a6 20. Bxf6 Nxf6 21. Red1 Rxd2 22. Rxd2 Rd8 23. Bf3 Rxd2 24. Qxd2 Qd8 25. Qe2 Qd4 26. Bg2 Kc7 27. a3 Kc8 28. a4 Nd7 29. Bf3 Qb4 30. Be4 Qxb2 31. Bxf5 Qxc3 32. Bd3 Nc5 33. Bh7 Qg7 34. Qc4 Nxa4 35. Qxa4 Qxh7 36. Qc4 Qf5 37. Qc3 e5 38. Qc5 Qe6 39. Qc3 Qd7 40. Kg2 Qd4 41. Qa3 Qd5+ 42. Kg1 Qe6 43. Kg2 h5 44. Qe3 f6 45. Qa3 h4 46. gxh4 gxh4 47. Kf1 Kd7 48. Qd3+ Kc7 49. Qh7+ Kb6 50. Qxh4 a5 51. Qg3 Qc4+ 52. Ke1 Qxc2 53. Qe3+ Kc7 54. h4 Qh7 55. Qg3 a4 56. Kd1 Qb1+ 57. Ke2 Qb2+ 58. Ke1 a3 59. Qf3 a2 60. Qd1 a1Q 61. Qxa1 Qxa1+ 62. Ke2 Qd4 63. h5 Qg4+ 64. Kf1 Qxh5 65. Kg2 Qg4+ 66. Kf1 b5 67. f3 Qxf3+ 68. Ke1 Qg2 69. Kd1 b4 70. Kc1 c5 71. Kb1 c4 72. Kc1 c3 73. Kb1 b3 74. Kc1 Qc2# 0-1

[Event "BCF-ch Week1 PM op"]
[Site "Bournemouth"]
[Date "2016.07.26"]
[Round "2"]
[White "Ratnesan, Rajeiv"]
[Black "Ahluwalia, Amardip"]
[Result "0-1"]
[WhiteElo "1418"]
[BlackElo "1913"]
[PlyCount "34"]
[EventDate "2016.07.25"]
[EventType "swiss"]
[EventRounds "5"]
[EventCountry "ENG"]
[SourceTitle "CBM 173 Extra"]
[Source "ChessBase"]
[SourceDate "2016.08.29"]
[SourceVersion "1"]
[SourceVersionDate "2016.08.29"]
[SourceQuality "1"]

1. e4 e5 2. f4 exf4 3. Bc4 d6 4. Nc3 Nc6 5. d4 Qh4+ 6. Kf1 Bg4 7. Be2 Bxe2+ 8. Ncxe2 g5 9. Nf3 Qh5 10. Kf2 Nf6 11. Nc3 g4 12. Bxf4 gxf3 13. gxf3 0-0-0 14. Ne2 Bh6 15. Ng3 Qh4 16. Bxh6 Qxh6 17. Nf5 Qf4 0-1

[Event "BCF-ch U12"]
[Site "Coventry"]
[Date "2015.08.02"]
[Round "2"]
[White "Guha, Chirag"]
[Black "Ratnesan, Rajeiv"]
[Result "0-1"]
[WhiteElo "1654"]
[BlackElo "1413"]
[PlyCount "78"]
[EventDate "2015.08.02"]
[EventType "swiss"]
[EventRounds "7"]
[EventCountry "ENG"]
[SourceTitle "CBM 167 Extra"]
[Source "ChessBase"]
[SourceDate "2015.09.14"]
[SourceVersion "1"]
[SourceVersionDate "2015.09.14"]
[SourceQuality "1"]

1. Nf3 Nf6 2. d4 g6 3. c4 Bg7 4. g3 d6 5. Bg2 0-0 6. 0-0 c6 7. Nc3 Nbd7 8. e4 e5 9. Be3 a6 10. d5 c5 11. Nd2 Nb6 12. a4 Ng4 13. Qe2 Nxe3 14. Qxe3 Nd7 15. f4 b6 16. f5 Qe7 17. g4 g5 18. Nf3 h6 19. Qf2 Bb7 20. Qg3 f6 21. h4 Kf7 22. hxg5 hxg5 23. Kf2 Rh8 24. Rh1 Rab8 25. Nd2 Qe8 26. Nf3 Qe7 27. Ne1 Qf8 28. Nc2 Qd8 29. Qd3 Qc7 30. Rxh8 Rxh8 31. Rd1 Qc8 32. b4 cxb4 33. Nxb4 Qc5+ 34. Qe3 Qxb4 35. Rb1 Qxc4 36. Kg3 Qc5 37. Qe2 Qxc3+ 38. Kf2 Qd4+ 39. Kf1 Qxa4 0-1